Historia 2 : los tiempos modernos y contemporáneos hasta 1830 europa y argentina /

Guardado en:
Autor Principal: Bustinza, Juan Antonio
Formato: Libro
Publicado: Buenos Aires : A-z., 1994.
Series:Serie Plata
Materias:
Etiquetas: Agregar Etiqueta
Sin Etiquetas, Sea el primero en etiquetar este registro!
LEADER 02394nam a22004095a 4500
001 CEM.cems001291
008 130507b1994##################000#0#####d
005 20241204122610.0
245 1 0 |a Historia 2 :  |b los tiempos modernos y contemporáneos hasta 1830 europa y argentina /  |c Juan Antonio Bustinza 
260 |a Buenos Aires :  |b A-z.,  |c 1994. 
300 |a 342 p. 
490 0 |a Serie Plata 
500 |a Para 2do. año del ciclo básico. escuelas de comercio y de educación técnica 
505 0 |a Los tiempos modernos: el hombre y el mundo se completan -- El gran momento español -- El siglo del barroco -- El despliegue iluminista -- Revolución y emancipación -- El retorno de la monarquía y la revolución americana -- Unitarismo y federalismo en Argentina 
020 |a 950534144X 
100 1 |a Bustinza, Juan Antonio 
082 0 4 |a Z940.2 
653 |a Historia 
653 |a Historia moderna y contemporánea 
653 |a Historia argentina 
859 |a CEMS  |b BIB. CEMS - Agricultura  |h 940.2  |i B969  |p A18460.95  |t Ej.1  |v 2  |3 2 
859 |a CEMS  |b BIB. CEMS - Agricultura  |h 940.2  |i B969  |p A18488.95  |t Ej.2  |v 2  |3 2 
859 |a CEMS  |b BIB. CEMS - 11 de abril  |h Z940.2  |i B969-1  |p 15852.90  |t Ej.1  |v II  |3 II 
859 |a CEMS  |b BIB. CEMS - 11 de abril  |h Z940.2  |i B969-1  |p 15854.90  |t Ej.3  |v II  |3 II 
859 |a CEMS  |b BIB. CEMS - 11 de abril  |h Z940.2  |i B969-1  |p 16135.91  |t Ej.4  |v II  |3 II 
859 |a CEMS  |b BIB. CEMS - 11 de abril  |h Z940.2  |i B969-1  |p 16136.91  |t Ej.5  |v II  |3 II 
859 |a CEMS  |b BIB. CEMS - 11 de abril  |h Z940.2  |i B969-1  |p 16137.91  |t Ej.6  |v II  |3 II 
859 |a CEMS  |b BIB. CEMS - 11 de abril  |h Z940.2  |i B969-1  |p 16138.91  |t Ej.7  |v II  |3 II 
859 |a CEMS  |b BIB. CEMS - 11 de abril  |h Z940.2  |i B969-1  |p 16139.91  |t Ej.8  |v II  |3 II 
859 |a CEMS  |b BIB. CEMS - 11 de abril  |h Z940.2  |i B969-1  |p 16607.92  |t Ej.9  |v II  |3 II 
859 |a CEMS  |b BIB. CEMS - 11 de abril  |h Z940.2  |i B969-1  |p 16608.92  |t Ej.10  |v II  |3 II 
859 |a CEMS  |b BIB. CEMS - 11 de abril  |h Z940.2  |i B969-1  |p 16609.92  |t Ej.11  |v II  |3 II 
859 |a CEMS  |b BIB. CEMS - 11 de abril  |h Z940.2  |i B969-1  |p 16610.92  |t Ej.12  |v II  |3 II 
859 |a CEMS  |b BIB. CEMS - 11 de abril  |h Z940.2  |i B969-1  |p 16611.92  |t Ej.13  |v II  |3 II 
859 |a CEMS  |b BIB. CEMS - 11 de abril  |h Z940.2  |i B969-1  |p 16932.93  |t Ej.14  |v II  |3 II 
859 |a CEMS  |b BIB. CEMS - 11 de abril  |h Z940.2  |i B969-1  |p 16933.93  |t Ej.15  |v II  |3 II 
859 |a CEMS  |b BIB. CEMS - 11 de abril  |h Z940.2  |i B969-1  |p 17054.93  |t Ej.18  |v II  |3 II